|
|
|
|
| LEADER |
00000cam a2200000 c 4500 |
| 001 |
1939837367 |
| 003 |
DE-627 |
| 005 |
20260108213636.0 |
| 007 |
tu |
| 008 |
251031s2025 xxu||||| 00| ||eng c |
| 010 |
|
|
|a 2024050551
|
| 020 |
|
|
|a 9781978842083
|c cloth
|9 978-1-9788-4208-3
|
| 035 |
|
|
|a (DE-627)1939837367
|
| 035 |
|
|
|a (DE-599)KXP1939837367
|
| 040 |
|
|
|a DE-627
|b ger
|c DE-627
|e rda
|
| 041 |
|
|
|a eng
|
| 044 |
|
|
|c XD-US
|
| 050 |
|
0 |
|a JV7429
|
| 082 |
0 |
|
|a 364.1/3709728778
|q DLC
|2 23/eng/20250508
|
| 100 |
1 |
|
|a Fernàndez, Belén
|d 1982-
|e VerfasserIn
|0 (DE-588)1205351302
|0 (DE-627)1690961783
|4 aut
|
| 109 |
|
|
|a Fernàndez, Belén 1982-
|a Fernández, Belén 1982-
|
| 245 |
1 |
4 |
|a The Darién Gap
|b a reporter's journey through the deadly crossroads of the Americas
|c Belén Fernández
|
| 264 |
|
1 |
|a New Brunswick, Camden
|a Newark, New Jersey
|a London
|a Oxford
|b Rutgers University Press
|c [2025]
|
| 300 |
|
|
|a vii, 193 Seiten
|b Karte
|
| 336 |
|
|
|a Text
|b txt
|2 rdacontent
|
| 337 |
|
|
|a ohne Hilfsmittel zu benutzen
|b n
|2 rdamedia
|
| 338 |
|
|
|a Band
|b nc
|2 rdacarrier
|
| 520 |
|
|
|a "Known in Spanish as "el infierno verde" or "the green hell," the Darién Gap has become a mass migrant graveyard as hundreds of thousands of refuge seekers from Venezuela to Afghanistan navigate its perilous precipices, rushing rivers, and all-encompassing mud in the hopes of eventually reaching the United States, still some 5,000 kilometers away. In the very first book on migration through the Darién Gap, Belén Fernández puts the jungle trajectory in context, combining history, on-the-ground reporting, travelogue, memoir, and searing politico-economic analysis of a crisis that is itself largely Made-in-USA. (There's a bit of romance, too.) Engrossing and heartrending yet also highly entertaining, the book offers a poignant and compassionate indictment of structural inhumanity in a world predicated on institutionalized inequality - a world where the have-nots are condemned to risking their lives simply to have a chance at a better life. Fernández's own travels in and around the Gap bring her into contact with countless refuge seekers, people smugglers, law enforcement officials, and other characters, all of whom serve to bring to life a place often associated with death and to shed light on one of the defining crises of the modern era"-- Provided by publisher
|
| 600 |
1 |
0 |
|a Fernández, Belén
|d 1982-
|x Travel
|z Darien (Panama and Colombia)
|2 DLC
|
| 650 |
|
0 |
|a illegal immigration
|z Darien (Panama and Colombia)
|2 DLC
|
| 650 |
|
0 |
|a Human Trafficking
|z Darien (Panama and Colombia)
|2 DLC
|
| 651 |
|
0 |
|a United States
|x Emigration and immigration
|x Government policy
|0 http://id.loc.gov/authorities/subjects/sh2007100021
|
| 651 |
|
0 |
|a United States
|x Emigration and immigration
|x Government policy
|0 http://id.loc.gov/authorities/subjects/sh2007100021
|2 DLC
|
| 776 |
1 |
|
|z 9781978842106
|c epub
|
| 856 |
4 |
2 |
|u http://www.gbv.de/dms/bowker/toc/9781978842083.pdf
|m DE-601
|q pdf/application
|v 2025-11-28
|x Aggregator
|3 Inhaltsverzeichnis
|7 1
|
| 935 |
|
|
|a mkri
|
| 951 |
|
|
|a BO
|
| ELC |
|
|
|b 1
|
| LOK |
|
|
|0 000 xxxxxcx a22 zn 4500
|
| LOK |
|
|
|0 001 4794897774
|
| LOK |
|
|
|0 003 DE-627
|
| LOK |
|
|
|0 004 1939837367
|
| LOK |
|
|
|0 005 20251202123130
|
| LOK |
|
|
|0 008 251031||||||||||||||||ger|||||||
|
| LOK |
|
|
|0 040
|a DE-Frei85
|c DE-627
|d DE-Frei85
|
| LOK |
|
|
|0 852
|a DE-Frei85
|
| LOK |
|
|
|0 852 1
|m p
|9 00
|
| LOK |
|
|
|0 938
|k p
|
| LOK |
|
|
|0 939
|a 31-10-25
|b l01
|
| ORI |
|
|
|a SA-MARC-krimdoka001.raw
|
| PDA |
|
|
|a yes
|